000 01293nam a22003737a 4500
001 00260
003 DO-SdBPM
005 20251030114425.0
007 ta
008 151201b1981 sp |||| 00| 0 spa d
020 _a840203957X
040 _a DO-SdBPM
_bspa
_cBPMSU
_erda
041 1 7 _aspa
_hger
082 4 _a193.9
_bN677a1981
_222
100 1 _aNietzsche, Friedrich,
_d1844-1900.
_eautor
240 1 0 _aAlso sprach Zarathustra.
_hEspañol.
245 1 0 _aAsí habló Zarathustra /
_cFriedrich Nietzsche ; traducción de J. C. García Borrón.
250 _a3ª ed.
264 _aBarcelona :
_bBruguera
_c1981.
300 _a377 páginas ;
_c18 cm.
336 _atexto
_btxt
_2rdacontent
337 _asin mediación
_bn
_2rdamedia
338 _avolumen
_bnc
_2rdacarrier
490 0 _aBruguera libro clásico
534 _pTítulo original :
_tAlso sprach Zarathustra.
590 _aInventariado, 2025/VM
600 1 7 _aNietzsche, Friedrich Wilhelm,
_d1844-1900
_xPensamiento filosófico.
600 1 7 _aNietzsche, Friedrich Wilhelm,
_d1844-1900
_x Correspondencia, memorias, etc.
650 7 _aFilosofía alemana
650 7 _aFilosofía moderna
700 1 _aGarcía Borrón, Juán Carlos,
_eedición
910 _aVMateo V. Control de calidad. BPMSU
942 _2ddc
_cBK
999 _c8982
_d8982